000 00560nam a22001937a 4500
999 _c527768
_d527768
003 NUST
005 20190808055628.0
008 190808b ||||| |||| 00| 0 eng d
038 _aMr. Noman
082 _a658.4
100 _aZaheer, Ammar
_919190
245 _aPerformance Management System at Fauji Fertilizer Bin Qasim Limited /
_cAmmar Zaheer.
260 _aIslamabad:
_bNBS - NUST,
_c2014.
300 _a40 p.: ill.;
_c30cm.
500 _aHardcover.
650 _aEMBA Thesis.
_917645
700 _aDr. Faisal Asghar Imam.
_917787
942 _2ddc
_cTHE